| 000 | 00429nam a2200145Ia 4500 | ||
|---|---|---|---|
| 008 | 220217s9999||||xx |||||||||||||| ||und|| | ||
| 020 | _a0-13-095062-9 | ||
| 082 | _a004.22 BLA | ||
| 100 |
_aBlanchard, Benjamin, S Fabrycky, Wolter, J _91455 |
||
| 245 | 0 | _aSystems engineering and analysis | |
| 250 | _a3rd | ||
| 260 |
_aPrentice hall international _bAmerica _c1981 |
||
| 300 |
_b _23.95 |
||
| 650 | _aCOMPUTER ARCHITECTURE | ||
| 999 |
_c166600 _d166600 |
||